Music Quiz

Random Music Quiz

Guess The Lyrics-Glee Quiz Stats

 Plays Quiz not verified by Sporcle

Support Sporcle.
Go Orange.
Score 0/140 Timer 10:00
0 Plays Today
% Correct
a
92.2%
the
92.2%
a
92.2%
and
92.2%
a
92.2%
and
92.2%
the
92.2%
and
92.2%
a
92.2%
and
92.2%
the
92.2%
and
92.2%
a
92.2%
a
92.2%
you
91.3%
you
91.3%
you
91.3%
you
91.3%
you
91.3%
you
91.3%
is
71.6%
your
69.8%
to
68.6%
to
68.6%
to
68.6%
to
68.6%
to
68.6%
on
68.3%
on
68.3%
on
68.3%
do
67.7%
youre
65.1%
youre
65.1%
so
59.4%
so
59.4%
what
58.3%
for
58%
go
57.6%
are
48.8%
this
43.9%
just
43.9%
just
43.9%
like
43.5%
she
42.8%
she
42.8%
her
39.6%
all
39.3%
% Correct
but
36.6%
but
36.6%
was
35.3%
could
33.9%
get
32.1%
get
32.1%
get
32.1%
us
32%
girl
31.6%
cause
31.2%
'cause
31.2%
by
31%
then
28.9%
yeah
27.8%
yeah
27.8%
tell
23.5%
down
22.6%
down
22.6%
come
21.3%
said
19.5%
over
17.5%
much
16.8%
those
16.1%
people
15%
girls
14%
hey
13.6%
hey
13.6%
dance
13%
dance
13%
wanna
12.9%
here's
12.6%
wish
12.3%
days
12.3%
trying
11.2%
move
10.7%
move
10.7%
ladies
10.5%
bust
10.5%
bust
10.5%
start
9.8%
start
9.8%
fellas
9.6%
party
9.6%
likes
9.6%
hard
9.4%
play
9.3%
high
9%
% Correct
tale
8.9%
okay
8.4%
standing
8.4%
next
8.3%
next
8.3%
jealous
7.8%
females
7.6%
comes
7.6%
zealous
7.3%
sex
7.3%
wall
7.3%
talking
7.3%
guys
7.1%
body
6.9%
music
6.9%
shot
6.8%
showing
6.6%
walkin
6.6%
scantily
6.5%
clad
6.5%
smartie
6.4%
walks
6.4%
function
6.2%
class
6.2%
starts
6.2%
starts
6.2%
cold
6.1%
pants
6.1%
groove
6.1%
poindexter
5.8%
nearly
5.8%
split
5.8%
luncheon
5.7%
fatso
5.7%
chick
5.5%
ate
5.4%
munchin
5.3%
busted
5.1%
food
5.1%
stone
5.1%
uh
5%
uh
5%
uh
5%
sits
4.8%
served
4.7%
gawking
4%

You're not logged in!

Compare scores with friends on all Sporcle quizzes.
OR
Log In

From the Vault

Top 100 NFL Career Rushers

by cubsmets1

Though these players like to rush, you've got plenty of time to take this quiz.
Remove Ads.
Support Sporcle.
Get the best of Sporcle when you Go Orange. This ad-free experience offers more features, more stats, and more fun while also helping to support Sporcle. Thank you for becoming a member.

Show Comments

Extras

Created Feb 22, 2011ReportNominate

Top Quizzes Today


Score Distribution

Your Account Isn't Verified!

In order to create a playlist on Sporcle, you need to verify the email address you used during registration. Go to your Sporcle Settings to finish the process.

Report this User

Report this user for behavior that violates our Community Guidelines.

Details: